| 000 | 01215nam a2200361 i 4500 | ||
|---|---|---|---|
| 001 | 198364 | ||
| 003 | ES-MaACL | ||
| 005 | 20260525145349.0 | ||
| 007 | ta | ||
| 008 | 260525s1980 sp ||||| |||| 001 1 spa d | ||
| 017 |
_aM 13550-1980 _bOficina Depósito Legal Madrid |
||
| 020 | _a84-239-0917-4 | ||
| 040 |
_aES-MaACL _bspa _cES-MaACL _erda |
||
| 080 | _a821.134.2-19"18" | ||
| 100 | 1 |
_4aut _aEspronceda, José de _eaut _9243111 |
|
| 240 | 1 | 0 |
_aPoesías líricas _9243110 |
| 245 | 1 | 0 |
_aPoesías líricas ; _bEl estudiante de Salamanca / _cJosé de Espronceda |
| 250 | _aNovena edición | ||
| 264 | 1 |
_aMadrid : _bEspasa-Calpe, _c1980 |
|
| 300 |
_a150 páginas ; _c18 cm |
||
| 336 |
_2rdacontent _aTexto |
||
| 337 |
_2rdamedia _asin mediación |
||
| 338 |
_2rdacarrier _avolumen |
||
| 490 | 0 |
_aColección Austral. _pSerie Violeta ; _v917 |
|
| 500 | _aRegistro provisional | ||
| 500 | _aÍndice | ||
| 655 | 4 |
_aPoesías _9176539 |
|
| 700 | 1 |
_aEspronceda, José de, _d1808-1842. _tEl estudiante de Salamanca _9241986 |
|
| 852 |
_aES-MaACL _cDES _jDB-194 _hDonación: J. Porto _xEncuadernación rústica _9207346 |
||
| 942 |
_cMONOGRAFIA _n0 |
||
| 999 |
_c198364 _d198364 |
||